[Event "London Classic op 7th"]
[Site "London"]
[Date "2015.12.11"]
[Round "9"]
[White "Rogers, Timothy"]
[Black "Modica, Jake"]
[Result "1-0"]
[WhiteElo "2075"]
[BlackElo "1736"]
[PlyCount "43"]
[EventDate "2015.12.04"]
[EventType "swiss"]
[EventRounds "9"]
[EventCountry "ENG"]
[SourceTitle "CBM 169 Extra"]
[Source "ChessBase"]
[SourceDate "2015.12.18"]
[SourceVersion "1"]
[SourceVersionDate "2015.12.18"]
[SourceQuality "1"]

1. e4 e6 2. d4 d5 3. Nc3 Nf6 4. Bg5 Bb4 5. exd5 Qxd5 6. Bxf6 gxf6 7. Nge2 Nc6 8. Qd2 Bxc3 9. Qxc3 b6 10. 0-0-0 Bb7 11. Qb3 Qf5 12. d5 Na5 13. Qa4+ c6 14. b4 0-0 15. bxa5 bxa5 16. dxc6 Bxc6 17. Qxc6 Rfc8 18. Qa4 Rab8 19. Ng3 Qe5 20. Qg4+ Kf8 21. Qd4 Qc7 22. Qd6+ 1-0

[Event "London Classic op 7th"]
[Site "London"]
[Date "2015.12.10"]
[Round "8"]
[White "Modica, Jake"]
[Black "Rovai, Andrea"]
[Result "1-0"]
[WhiteElo "1736"]
[BlackElo "1839"]
[PlyCount "73"]
[EventDate "2015.12.04"]
[EventType "swiss"]
[EventRounds "9"]
[EventCountry "ENG"]
[SourceTitle "CBM 169 Extra"]
[Source "ChessBase"]
[SourceDate "2015.12.18"]
[SourceVersion "1"]
[SourceVersionDate "2015.12.18"]
[SourceQuality "1"]

1. c4 e5 2. g3 Nc6 3. Bg2 g6 4. Nc3 Bg7 5. d3 d6 6. e4 Nf6 7. Nge2 Be6 8. Nd5 h6 9. 0-0 0-0 10. h3 Kh7 11. Be3 Qd7 12. Kh2 Ne8 13. Rb1 f5 14. exf5 Bxf5 15. g4 Be6 16. d4 exd4 17. Nxd4 Nxd4 18. Bxd4 c6 19. Bxg7 Qxg7 20. Ne3 Qe5+ 21. Kg1 Rf4 22. b3 Qf6 23. Qd2 Rd8 24. Rbd1 Rd7 25. Rfe1 Rf7 26. Nf5 g5 27. Be4 Kh8 28. f3 Bxf5 29. Bxf5 Ng7 30. Be4 Rd7 31. Qe3 a6 32. Qa7 Qf8 33. Bxc6 bxc6 34. Qxd7 Rxf3 35. Qxd6 Qf7 36. Qxh6+ Kg8 37. Rd8+ 1-0

[Event "London Classic op 7th"]
[Site "London"]
[Date "2015.12.05"]
[Round "2"]
[White "Modica, Jake"]
[Black "Cannon, Raymond Charles"]
[Result "1-0"]
[WhiteElo "1736"]
[BlackElo "1985"]
[PlyCount "75"]
[EventDate "2015.12.04"]
[EventType "swiss"]
[EventRounds "9"]
[EventCountry "ENG"]
[SourceTitle "CBM 169 Extra"]
[Source "ChessBase"]
[SourceDate "2015.12.18"]
[SourceVersion "1"]
[SourceVersionDate "2015.12.18"]
[SourceQuality "1"]

1. c4 Nf6 2. Nf3 c5 3. Nc3 g6 4. d4 cxd4 5. Nxd4 Bg7 6. e4 d6 7. Be2 0-0 8. 0-0 Nc6 9. Be3 Bd7 10. Qd2 Ng4 11. Bxg4 Bxg4 12. Rac1 Qa5 13. h3 Bd7 14. Nb3 Qb4 15. c5 Be6 16. cxd6 Bxb3 17. dxe7 Nxe7 18. axb3 Qxb3 19. Rfd1 Nc6 20. Nd5 Rfe8 21. f3 Rad8 22. Bg5 Bd4+ 23. Kh1 Rd6 24. Bh6 f6 25. Bf4 Rdd8 26. h4 Kf7 27. Bc7 Rd7 28. Qh6 Rh8 29. Qf4 Rxd5 30. exd5 Be3 31. Qc4 Qxc4 32. Rxc4 Ne7 33. Bd6 Nf5 34. Rc7+ Kg8 35. Rc8+ Kg7 36. Rxh8 Kxh8 37. Bb8 Bc5 38. d6 1-0